| 000 | 00724nam a2200193 i 4500 | ||
|---|---|---|---|
| 001 | 67038 | ||
| 003 | ES-MaACL | ||
| 005 | 20230906165934.0 | ||
| 007 | t| | ||
| 008 | 040503s1993 sp ||||1| spa d | ||
| 080 | _a929 Sánchez-Albornoz, Claudio | ||
| 100 | 1 |
_aBenito Ruano, Eloy. _927689 |
|
| 245 | 1 | 0 |
_aAl margen de un centenario _b: separata del prólogo a la reedición de "En torno a los orígenes del feudalismo" por Claudio Sánchez-Albornoz y Menduiña (1893-1993) / _cEloy Benito Ruano. |
| 260 |
_aMadrid : _bIstmo, _c1993. |
||
| 300 |
_aXXXII p. ; _c21 cm. |
||
| 600 | 0 | 4 |
_aSánchez-Albornoz, Claudio, _d1893-1984- _vHomenajes _9102441 |
| 852 |
_aES-MaACL _j2171-F-15 _bR.130593 |
||
| 999 |
_c67038 _d67038 |
||